000 00497nam a22001937a 4500
999 _c8038
_d8038
003 OSt
005 20220926171823.0
008 220926b ||||| |||| 00| 0 eng d
020 _a9780470030004
040 _cDNML
082 _aWF553 W14a 2007
100 _aWaldron ,Jill;
_916358
245 _aAsthma care in the community
_bWaldron ,Jill;
260 _bWiley
_c2007
300 _axi,187p;.
_bill.
_c22cm
504 _aincludes index, glossary
650 _amedicine
_9324
942 _2z
_cO_SHELF